| 000 | 00978nam a2200265 u 4500 | ||
|---|---|---|---|
| 005 | 20250829063921.0 | ||
| 008 | 170606s2006 r 000 0 eng d | ||
| 020 | _a9685552754 | ||
| 035 | _aUPN01000218387 | ||
| 049 | _aCG | ||
| 050 | 4 |
_aHQ1236 _bF3.6 |
|
| 100 | 1 |
_aFacio Montejo, Alda _940954 |
|
| 245 | 1 | 0 |
_aProcuración de justicia con enfoque de género : _bmanual de capacitación / _cAlda Facio Montejo, Roxana Arroyo Vargas, Rodrigo Jiménez Sandoval. |
| 260 |
_aMéxico : _bIntituto Nacional de las Mujeres, _c2006. |
||
| 300 |
_a94 p. + _b1 CD-ROOM ; 4 3/4 plg. |
||
| 440 | 0 |
_aJurídica. _pGénero y derecho |
|
| 500 | _aEl CD-ROM solicítalo en el Mostrador de Préstamo | ||
| 650 | 4 |
_aDerechos de las mujeres _98904 |
|
| 650 | 4 |
_aEstudios de género _920662 |
|
| 650 | 4 |
_aMujeres _xSituación legal, leyes, etc. _910408 |
|
| 700 | 1 |
_aArroyo Vargas, Roxana, _ecoaut. |
|
| 700 | 1 |
_aJiménez Sandoval, Rodrigo, _ecoaut. |
|
| 905 | _aLibro | ||
| 999 |
_c190487 _d190487 |
||